3-Letter Word Chain #3 - Statistics

General Stats
  • This quiz has been taken 332 times
  • The average score is 10 of 15
Answer Stats
Hint Word % Correct
A short sleep Nap
94%
Joan of... Arc
93%
Opposite of on Off
88%
Sharks have these Fin
85%
Somewhere you work out Gym
85%
0°C water Ice
78%
Opposite of old New
61%
A sense of importance Ego
59%
A type of Latin Pig
56%
907.185kg Ton
54%
Used to live in caves Man
50%
Used to make sir fry Wok
47%
Small child Tot
45%
Life force Chi
42%
Follows "pea" Nut
41%
No matching quizzes found
Score Distribution
Percent of People with Each Score
Percentile by Number Answered
Your Score History
You have not taken this quiz